[Event "London Classic Open 2017"]
[Site "London ENG"]
[Date "2017.12.07"]
[Round "7.16"]
[White "Vishnu Prasanna, V"]
[Black "Van Delft, Merijn"]
[Result "1/2-1/2"]
[WhiteTitle "GM"]
[BlackTitle "IM"]
[WhiteElo "2536"]
[BlackElo "2393"]
[WhiteFideId "5030692"]
[BlackFideId "1004670"]
[EventDate "2017.12.02"]

1. e4 c5 2. Nf3 d6 3. d4 cxd4 4. Nxd4 Nf6 5. Nc3 a6 6. Bg5 Nbd7 7. Bc4 Qb6 8.
Bb3 e6 9. Qd2 Be7 10. O-O-O Nc5 11. f3 Bd7 12. Kb1 Qc7 13. g4 b5 14. a3 Qb7 15.
Ba2 a5 16. Nd5 exd5 17. Bxf6 Bxf6 18. Bxd5 Qa6 19. Bxa8 Qxa8 20. Nf5 Bxf5 21.
exf5 O-O 22. g5 Bxb2 23. Kxb2 Qxf3 24. Qxd6 Na4+ 25. Kc1 b4 26. Qd3 Qf4+ 27. Qd2
Qf3 28. Qd3 Qf4+ 29. Rd2 Nc5 30. Qd4 Qxf5 31. axb4 axb4 32. Re1 Ne6 33. Qxb4
Qxg5 34. h4 Qf6 35. Rd5 h6 36. h5 Ra8 37. Ra5 Rc8 38. Rd1 Qf2 39. Rd2 Qe3 40.
Kb2 Nc5 41. Rd5 Ne6 42. Rab5 Qf2 43. Rd2 Qe3 44. Rd3 Qf2 45. Rc3 Qf6 46. Rb8
Qxc3+ 47. Qxc3 Rxb8+ 48. Kc1 Rb5 49. Qf3 Rg5 50. Kb2 g6 51. hxg6 Rxg6 52. Ka3
Rg5 53. Kb4 Kg7 54. c4 h5 55. Qc3+ Kg8 56. Qf6 Rg6 57. Qe5 1/2-1/2

[Event "London Classic Open 2017"]
[Site "London ENG"]
[Date "2017.12.07"]
[Round "7.17"]
[White "Zujev, Oleg"]
[Black "Iturrizaga Bonelli, Eduardo"]
[Result "1/2-1/2"]
[BlackTitle "GM"]
[WhiteElo "2381"]
[BlackElo "2665"]
[WhiteFideId "12801585"]
[BlackFideId "3901211"]
[EventDate "2017.12.02"]

1. d4 Nf6 2. c4 e6 3. Nc3 Bb4 4. e3 O-O 5. Ne2 Re8 6. a3 Bf8 7. Ng3 d5 8. Be2 b6
9. O-O Bb7 10. Qc2 Nbd7 11. Rd1 c5 12. dxc5 bxc5 13. cxd5 exd5 14. Bf3 Nb6 15.
Nxd5 Bxd5 16. Bxd5 Nbxd5 17. e4 Qa5 18. exd5 Re1+ 19. Nf1 Rxd1 20. Qxd1 Rd8 21.
Ne3 Nxd5 22. Nxd5 Rxd5 23. Qe2 c4 24. Be3 c3 25. g3 h5 26. h4 Re5 27. Rc1 cxb2
28. Qxb2 Rb5 29. Qd4 a6 30. Rc8 Qxa3 31. Qd8 Re5 32. Kg2 Qb4 33. Bd2 Qa3 34. Bc1
Qb4 35. Bd2 Qa3 36. Bc1 1/2-1/2

[Event "London Classic Open 2017"]
[Site "London ENG"]
[Date "2017.12.07"]
[Round "7.18"]
[White "Akash Pc, Iyer"]
[Black "Jones, Gawain C B"]
[Result "1/2-1/2"]
[BlackTitle "GM"]
[WhiteElo "2390"]
[BlackElo "2654"]
[WhiteFideId "5006775"]
[BlackFideId "409561"]
[EventDate "2017.12.02"]

1. d4 Nf6 2. c4 g6 3. f3 c5 4. d5 e6 5. e4 d6 6. Ne2 Bg7 7. Nec3 exd5 8. cxd5
Nh5 9. Be3 f5 10. Bb5+ Bd7 11. Bxd7+ Nxd7 12. O-O O-O 13. Nd2 Qe7 14. Qe2 a6 15.
a4 Bd4 16. Nc4 Ne5 17. Nxe5 dxe5 18. Rae1 Qg5 19. Qd2 Nf4 20. g3 Nh3+ 21. Kg2
Bxe3 22. Qxe3 f4 23. Qd2 Qh5 24. Ne2 fxg3 25. hxg3 Rf6 26. Qe3 Raf8 27. Rd1 Qg5
28. Qxc5 b6 29. Qc3 Nf4+ 30. Nxf4 exf4 31. Qe1 Rc8 32. Qf2 Rff8 33. d6 fxg3 34.
Qd2 Qh4 35. Rh1 Qf6 36. Rhf1 Rc5 37. d7 Qd8 38. Rh1 Rf7 39. Kxg3 Rc7 40. Qd5 h5
41. Qe6 Rxd7 42. Rxd7 Qxd7 43. Qxd7 Rxd7 44. Rc1 Kf7 45. Rc6 Rd4 46. Rxb6 Rxa4
47. Kf4 Ra5 48. b4 g5+ 49. Kg3 Ra3 50. Rh6 g4 51. Rxh5 Rxf3+ 52. Kxg4 Rb3 53.
Kf5 Rxb4 54. Rh7+ Ke8 55. Ra7 Rb5+ 56. e5 Rb6 57. e6 Rb1 58. Rxa6 Rf1+ 1/2-1/2

[Event "London Classic Open 2017"]
[Site "London ENG"]
[Date "2017.12.07"]
[Round "7.19"]
[White "Fodor, Tamas Jr."]
[Black "McDonald, Neil"]
[Result "0-1"]
[WhiteTitle "GM"]
[BlackTitle "GM"]
[WhiteElo "2496"]
[BlackElo "2397"]
[WhiteFideId "723762"]
[BlackFideId "400629"]
[EventDate "2017.12.02"]

1. c4 c5 2. Nf3 Nf6 3. Nc3 g6 4. d4 cxd4 5. Nxd4 Bg7 6. e4 d6 7. Be2 O-O 8. O-O
a6 9. Bg5 Nbd7 10. Qd2 Re8 11. Rfd1 b6 12. Rac1 Bb7 13. f3 e6 14. Nc2 Bf8 15.
Qf4 Rc8 16. Qg3 h6 17. Be3 Kh7 18. Kh1 Qe7 19. Bf1 Ne5 20. Na3 Rc6 21. Rc2 Bg7
22. Rcd2 Nh5 23. Qf2 f5 24. Bxb6 Rf8 25. Bd4 Bf6 26. c5 Rxc5 27. Bxc5 dxc5 28.
Nc4 Bc6 29. Rd6 Nxc4 30. Bxc4 Bd4 31. R1xd4 cxd4 32. Qxd4 e5 33. Qc5 Bb5 34.
Bxb5 axb5 35. Nd5 Qg7 36. Qxb5 fxe4 37. fxe4 Rf7 38. Ne3 Nf6 39. Qxe5 Ng4 40.
Qxg7+ Kxg7 41. h3 Nxe3 42. Rd3 Nc4 43. b3 Ne5 44. Rd5 Rf1+ 45. Kh2 Kf6 46. a4
Rb1 47. Rb5 h5 48. h4 Rb2 49. Kg3 Nd3 50. a5 Ne1 51. b4 Ra2 52. Rb6+ Ke5 53. a6
Rxg2+ 54. Kh3 Ra2 55. Rxg6 Nd3 56. Kg3 Nf4 57. Rc6 Ne2+ 58. Kh3 Kxe4 59. Rc4+
Kf3 60. Kh2 Nf4+ 61. Kh1 Rxa6 62. Rc3+ Kg4 63. Rb3 Kxh4 64. b5 Rb6 65. Kh2 Kg4
66. Rb4 Kf3 67. Rb3+ Kf2 68. Rb2+ Ke3 69. Rb3+ Ke4 70. Kg3 Rg6+ 71. Kh2 Nd5 72.
Kh3 Nf4+ 73. Kh2 Nd5 74. Kh3 Kf5 75. Rb2 Kg5 76. Rc2 Kf5 77. Rc5 Ke4 78. Rc2
Nf4+ 79. Kh2 Kd5 80. Rf2 Ke4 81. Rb2 Rb6 82. Kg3 Ng6 83. Kh2 Kd4 84. Rg2 Ne5 85.
Rb2 Kc3 86. Rb1 Kc2 87. Rb4 Nd3 88. Re4 Rxb5 89. Kg3 Ne5 90. Rd4 Ng6 91. Rd6
Rg5+ 92. Kh2 Kc3 93. Kh1 Kc4 94. Kh2 Kc5 95. Rd8 Rd5 96. Rg8 Rd6 97. Rg7 Kd5 98.
Rh7 Nf4 99. Kg3 Ke4 100. Re7+ Re6 101. Ra7 Rg6+ 102. Kh2 Rg2+ 103. Kh1 Re2 104.
Ra3 Re3 105. Ra1 Kf3 106. Kh2 Re2+ 107. Kh1 h4 108. Rb1 Kg3 109. Rb3+ Kg4 110.
Ra3 Nd5 111. Ra1 Nc3 112. Rc1 Ne4 113. Ra1 Ng3+ 114. Kg1 Kh3 0-1

[Event "London Classic Open 2017"]
[Site "London ENG"]
[Date "2017.12.07"]
[Round "7.20"]
[White "Gormally, Daniel W"]
[Black "Milliet, Sophie"]
[Result "1/2-1/2"]
[WhiteTitle "GM"]
[BlackTitle "IM"]
[WhiteElo "2477"]
[BlackElo "2392"]
[WhiteFideId "406465"]
[BlackFideId "623725"]
[EventDate "2017.12.02"]

1. d4 Nf6 2. Nf3 e6 3. c4 Bb4+ 4. Nbd2 O-O 5. a3 Be7 6. g3 d5 7. Bg2 b6 8. O-O
Bb7 9. cxd5 exd5 10. b4 Nbd7 11. Bb2 Bd6 12. Ne5 Ne4 13. Nxe4 dxe4 14. Rc1 Bd5
15. Nc4 b5 16. Ne3 c6 17. f3 exf3 18. Bxf3 Nb6 19. Rxc6 Bxc6 20. Bxc6 Na4 21.
Ba1 Rc8 22. d5 f6 23. Qd3 a6 24. Qe4 Qc7 25. Nf5 Kh8 26. Nd4 Nb6 27. Rf5 Qf7 28.
Ne6 Rxc6 29. dxc6 Re8 30. Ng5 Qg6 31. Ne6 Qf7 32. Ng5 Qg6 33. Ne6 1/2-1/2

[Event "London Classic Open 2017"]
[Site "London ENG"]
[Date "2017.12.07"]
[Round "7.21"]
[White "Gumularz, Szymon"]
[Black "Elsness, Frode"]
[Result "1-0"]
[WhiteTitle "FM"]
[BlackTitle "IM"]
[WhiteElo "2376"]
[BlackElo "2477"]
[WhiteFideId "1188062"]
[BlackFideId "1501100"]
[EventDate "2017.12.02"]

1. d4 Nf6 2. c4 e6 3. Nc3 Bb4 4. e3 O-O 5. Bd3 c5 6. Nf3 d5 7. O-O dxc4 8. Bxc4
Nbd7 9. a3 Ba5 10. Qe2 a6 11. Bd3 Qe7 12. Bd2 e5 13. dxe5 Nxe5 14. Nxe5 Qxe5 15.
Rad1 Bg4 16. f3 Bc7 17. g3 Bh3 18. Rfe1 b5 19. e4 c4 20. Bc2 Rad8 21. Be3 Bc8
22. Qf2 Qe6 23. Ne2 Rxd1 24. Rxd1 Rd8 25. Rxd8+ Bxd8 26. Bd4 Bb7 27. Qe3 Nd7 28.
Nf4 Qc6 29. Kg2 f6 30. b3 Ne5 31. Qc3 Bc7 32. Nd5 Bd6 33. Qa5 Qd7 34. Nb6 Qe7
35. Qc3 Nc6 36. Nd5 Qf8 37. bxc4 Nxd4 38. Qxd4 Bxa3 39. cxb5 axb5 40. Qd3 Bc6
41. e5 Bxd5 42. Qxd5+ Kh8 43. exf6 gxf6 44. Qxb5 Qe7 45. Be4 Bd6 46. Qf5 Qg7 47.
Bd5 Bf8 48. h4 Qe7 49. Kh3 Bh6 50. Be4 Bf8 51. Qc8 Qc5 52. Qd7 Qe7 53. Qd3 Qe6+
54. Bf5 Qe7 55. Qd5 Qc5 56. Qd7 Qe7 57. Qc8 Qc5 58. Qe6 Qe5 59. Qd7 Qe7 60. Qa4
Qe5 61. Qg4 Qe7 62. Bc2 Qg7 63. Qf5 Qe7 64. Bb1 Bh6 65. Ba2 Qf8 66. Qe6 Bg7 67.
Kg4 Qb4+ 68. Bc4 Qf8 69. f4 Qd8 70. Bd5 Qb8 71. Kh5 Qd8 72. g4 Qb8 73. g5 Qd8
74. Kg4 Qf8 75. Be4 Qd8 76. Bc2 Qa8 77. Be4 Qd8 78. Kf5 fxg5 79. hxg5 Qg8 80.
Qd7 h6 81. Bd5 Qf8+ 82. Kg6 h5 83. f5 1-0

[Event "London Classic Open 2017"]
[Site "London ENG"]
[Date "2017.12.07"]
[Round "7.22"]
[White "Jackson, James P"]
[Black "Abergel, Thal"]
[Result "1-0"]
[WhiteTitle "FM"]
[BlackTitle "GM"]
[WhiteElo "2314"]
[BlackElo "2464"]
[WhiteFideId "416860"]
[BlackFideId "614890"]
[EventDate "2017.12.02"]

1. e4 b6 2. d4 Bb7 3. Bd3 e6 4. Ne2 c5 5. d5 exd5 6. exd5 Bxd5 7. Nf4 Bb7 8. O-O
Nf6 9. Nh5 Nxh5 10. Qxh5 Be7 11. Nc3 d5 12. Re1 Kf8 13. Bf4 c4 14. Bxc4 dxc4 15.
Rad1 Nd7 16. Qf5 Nc5 17. Rxd8+ Rxd8 18. Rd1 Rxd1+ 19. Nxd1 g6 20. Qe5 f6 21.
Qb8+ Kg7 22. Bh6+ Kxh6 23. Qxh8 b5 24. Qe8 Bd6 25. Qd8 Ne4 26. f3 Bc5+ 27. Kf1
Bb6 28. Qf8+ Kg5 29. fxe4 Bxe4 30. Qd6 f5 31. Nc3 Ba8 32. Nd5 Kh6 33. Nxb6 Be4
34. Nd7 1-0

[Event "London Classic Open 2017"]
[Site "London ENG"]
[Date "2017.12.07"]
[Round "7.23"]
[White "Bilguun, Sumiya"]
[Black "Sai Agni Jeevitesh, J"]
[Result "1/2-1/2"]
[WhiteTitle "IM"]
[BlackTitle "FM"]
[WhiteElo "2459"]
[BlackElo "2384"]
[WhiteFideId "4901541"]
[BlackFideId "5070147"]
[EventDate "2017.12.02"]

1. e4 d6 2. d4 Nf6 3. Nc3 Nbd7 4. Nf3 e5 5. Bc4 Be7 6. O-O O-O 7. Re1 c6 8. a4
b6 9. Bg5 a6 10. Bxf6 Bxf6 11. d5 c5 12. Qe2 g6 13. Bd3 Bg5 14. Nb1 h5 15. Na3
Bh6 16. Rab1 Qc7 17. Nd2 Nf6 18. h3 Bd7 19. b3 Ra7 20. Nf1 Rfa8 21. Nh2 Kg7 22.
Kh1 Kg8 23. Nf3 Kg7 24. Ng1 Nh7 25. Rbd1 Nf6 26. Rf1 Rb8 27. Bxa6 Nxe4 28. Qxe4
Rxa6 29. Qd3 Ra5 30. Ne2 f5 31. Nc3 Re8 32. Ncb5 Bxb5 33. Nxb5 Qe7 34. Na3 Raa8
35. Qb5 Rab8 36. Nc4 e4 37. Rfe1 Bf4 38. Nxb6 Qh4 39. Re2 e3 40. Rf1 exf2 41.
Rexf2 Re3 42. Qd7+ Kh6 43. Nc4 Rbe8 44. Nxe3 Rxe3 45. Rxf4 Rxh3+ 46. gxh3 1/2-1/2

[Event "London Classic Open 2017"]
[Site "London ENG"]
[Date "2017.12.07"]
[Round "7.24"]
[White "Zhou, Yang-Fan"]
[Black "Krishna Teja, N"]
[Result "0-1"]
[WhiteTitle "IM"]
[BlackTitle "IM"]
[WhiteElo "2459"]
[BlackElo "2368"]
[WhiteFideId "468584"]
[BlackFideId "5001498"]
[EventDate "2017.12.02"]

1. e4 e6 2. d4 d5 3. Nc3 Nf6 4. e5 Nfd7 5. Nce2 c5 6. c3 Nc6 7. Nf3 b5 8. a3 a5
9. Nf4 c4 10. h4 Nb6 11. g3 h6 12. Bh3 Kd7 13. h5 Kc7 14. Nh4 Be7 15. Nfg2 Rg8
16. Qc2 Qe8 17. Qh7 Bd8 18. f4 Ne7 19. g4 Bd7 20. Qc2 b4 21. axb4 Ba4 22. Qf2
axb4 23. f5 Nc6 24. O-O Na5 25. fxe6 fxe6 26. Be3 Nb3 27. Ra2 Bd7 28. Rxa8 Nxa8
29. Ng6 Nb6 30. cxb4 Na4 31. Ne1 Be7 32. g5 Bxg5 33. Bxg5 hxg5 34. Nf3 Qd8 35.
Qg2 Re8 36. Kh2 Qb8 37. Nxg5 Qxb4 38. Nf3 Na5 39. Rf2 Nc6 40. Nf4 Re7 41. Ng5
Qe1 42. Ngxe6+ Bxe6 43. Nxe6+ Kb7 44. Nxg7 Nxd4 45. h6 Ka6 46. e6 Nc5 47. Rf7
Nd3 48. h7 Rxf7 49. exf7 Qe5+ 50. Kg1 Qe1+ 51. Kh2 Qe5+ 52. Kg1 Qe1+ 53. Qf1
Ne2+ 54. Kh1 Ng3+ 55. Kg1 Qe3+ 56. Kg2 Nxf1 57. f8=Q Qg3+ 58. Kxf1 Qxh3+ 59. Ke2
Qg2+ 60. Ke3 Qe4+ 61. Kd2 Qe1+ 0-1

[Event "London Classic Open 2017"]
[Site "London ENG"]
[Date "2017.12.07"]
[Round "7.25"]
[White "Vignesh, B"]
[Black "Cawdery, Daniel"]
[Result "0-1"]
[BlackTitle "IM"]
[WhiteElo "2287"]
[BlackElo "2447"]
[WhiteFideId "5073600"]
[BlackFideId "14300249"]
[EventDate "2017.12.02"]

1. e4 c5 2. Nf3 Nc6 3. Bb5 Nf6 4. Nc3 e5 5. d3 d6 6. a4 Be7 7. Bg5 O-O 8. Ne2
Nh5 9. Qd2 Bg4 10. Rg1 h6 11. Bxe7 Nxe7 12. Nh4 a6 13. Bc4 b5 14. Ba2 Bxe2 15.
Qxe2 Nf4 16. Qd2 bxa4 17. g3 Nh3 18. Rf1 Rb8 19. Qc3 Nc6 20. f4 Nxf4 21. Nf5 Ne6
22. Bc4 Ncd4 23. Rxa4 Qg5 24. b3 Nxf5 25. exf5 Nd4 26. Qd2 Qh5 27. Bd5 e4 28.
Rxd4 e3 29. Qe2 Qxe2+ 30. Kxe2 cxd4 31. Rf4 Rbc8 32. Rxd4 Rxc2+ 33. Kxe3 Rxh2
34. Be4 Rd8 35. Ra4 Rb2 36. Bd5 Re8+ 37. Kd4 Rf2 38. Be4 Rd8 39. Kd5 Rb2 40. b4
Rb8 41. Rxa6 R2xb4 42. Rxd6 R8b5+ 43. Kc6 Rb6+ 44. Kc7 Rxd6 45. Kxd6 Kf8 46. g4
Rd4+ 47. Ke5 Rd8 48. d4 Ke7 49. Bc6 f6+ 50. Ke4 Kd6 51. Bb5 Rb8 52. Bc4 Rb1 53.
Bf7 Re1+ 54. Kf4 Kc6 55. Bc4 Kb6 56. Bf7 Ka5 57. Be6 Kb4 58. Kg3 Rd1 59. d5 Kc5
60. Kh4 Rh1+ 61. Kg3 Kd6 62. Kf4 Rd1 63. Ke4 Kc5 64. Bf7 Rd4+ 0-1

[Event "London Classic Open 2017"]
[Site "London ENG"]
[Date "2017.12.07"]
[Round "7.26"]
[White "Das, Sayantan"]
[Black "Fenil, Shah"]
[Result "1/2-1/2"]
[WhiteTitle "IM"]
[BlackTitle "FM"]
[WhiteElo "2442"]
[BlackElo "2324"]
[WhiteFideId "5034426"]
[BlackFideId "5019850"]
[EventDate "2017.12.02"]

1. Nf3 d5 2. c4 e6 3. g3 dxc4 4. Bg2 Nc6 5. O-O Nf6 6. Na3 Bxa3 7. bxa3 O-O 8.
Bb2 Qe7 9. Qc2 e5 10. Qxc4 Rd8 11. Rfc1 Nd5 12. Qc5 e4 13. Ne5 Nxe5 14. Qxe7
Nxe7 15. Bxe5 Rxd2 16. Rxc7 Nd5 17. Rc4 e3 18. Rc5 Be6 19. fxe3 b6 20. Rc6 Rxe2
21. Bd4 Rd8 22. Rac1 Nxe3 23. Bf3 Nf5 24. Bxb6 axb6 25. Bxe2 Nd4 26. Kf2 Nxc6
27. Rxc6 Rb8 28. Bc4 Ra8 1/2-1/2

[Event "London Classic Open 2017"]
[Site "London ENG"]
[Date "2017.12.07"]
[Round "7.27"]
[White "Lyell, Mark"]
[Black "Wells, Peter K"]
[Result "1/2-1/2"]
[WhiteTitle "FM"]
[BlackTitle "GM"]
[WhiteElo "2264"]
[BlackElo "2441"]
[WhiteFideId "402354"]
[BlackFideId "400327"]
[EventDate "2017.12.02"]

1. e4 e5 2. Nf3 Nc6 3. d4 exd4 4. Nxd4 Nf6 5. Nxc6 bxc6 6. e5 Qe7 7. Qe2 Nd5 8.
c4 Ba6 9. b3 g5 10. g3 Bg7 11. Bb2 O-O-O 12. Bg2 Rde8 13. O-O Bxe5 14. Qxe5 Qxe5
15. Bxe5 Rxe5 16. cxd5 Bxf1 17. Kxf1 cxd5 18. Nc3 c6 19. Rc1 Kb8 20. Na4 f5 21.
Nc5 Re7 22. b4 h5 23. h4 gxh4 24. gxh4 Kc7 25. Nd3 Kd6 26. Rc5 Rb8 27. Ra5 Re4
28. Bxe4 fxe4 29. Nf4 Rxb4 30. Nxh5 d4 31. Ng3 d3 32. Ke1 Ke6 33. h5 d5 34. h6
Rb1+ 35. Kd2 Rb2+ 36. Ke1 Rb1+ 37. Kd2 Rb2+ 38. Ke1 Rb1+ 1/2-1/2

[Event "London Classic Open 2017"]
[Site "London ENG"]
[Date "2017.12.07"]
[Round "7.28"]
[White "Cherniaev, Alexander"]
[Black "Merriman, John"]
[Result "1-0"]
[WhiteTitle "GM"]
[WhiteElo "2436"]
[BlackElo "2263"]
[WhiteFideId "4117301"]
[BlackFideId "402362"]
[EventDate "2017.12.02"]

1. Nf3 d5 2. g3 Nf6 3. Bg2 e6 4. c4 Be7 5. O-O O-O 6. d4 c6 7. Qc2 b6 8. Nbd2
Ba6 9. Ne5 Nfd7 10. Nd3 Nf6 11. Rd1 Nbd7 12. b4 Rc8 13. a4 c5 14. dxc5 bxc5 15.
b5 Bb7 16. Bb2 Qc7 17. e3 Rfd8 18. h3 Bd6 19. Bc3 Ne5 20. Nb2 h5 21. f4 Ned7 22.
Nf1 Ne4 23. Bxe4 dxe4 24. a5 a6 25. Qe2 g6 26. Rd2 e5 27. Rad1 Be7 28. f5 Nf6
29. fxg6 fxg6 30. Na4 Rd3 31. Rxd3 exd3 32. Qxd3 Kh7 33. Nb6 Rd8 34. Qe2 Rxd1
35. Qxd1 axb5 36. cxb5 Ne4 37. Be1 Bd6 38. Nc4 Qf7 39. Nxd6 Nxd6 40. a6 Bd5 41.
b6 Bc4 42. Nh2 Qf8 43. Qa4 Bb5 44. Qa5 Qd8 45. b7 1-0

[Event "London Classic Open 2017"]
[Site "London ENG"]
[Date "2017.12.07"]
[Round "7.29"]
[White "Raja, Harshit"]
[Black "Marzano, Carlo"]
[Result "1-0"]
[WhiteTitle "IM"]
[WhiteElo "2420"]
[BlackElo "2261"]
[WhiteFideId "5089000"]
[BlackFideId "802980"]
[EventDate "2017.12.02"]

1. e4 e5 2. Nf3 Nc6 3. Bb5 a6 4. Ba4 Nf6 5. O-O b5 6. Bb3 Bb7 7. d3 Bc5 8. Nc3
d6 9. a4 Na5 10. Ba2 b4 11. Ne2 h6 12. Be3 Qe7 13. Ng3 Bc8 14. d4 Ba7 15. Re1 c5
16. dxe5 dxe5 17. Nf5 Bxf5 18. exf5 O-O 19. Bf4 c4 20. Rxe5 Qc7 21. Bg3 Nh5 22.
Qd5 Nxg3 23. hxg3 Nc6 24. Qxc4 Rac8 25. Re2 Qxg3 26. Qxa6 Qf4 27. Rd1 Nd4 28.
Nxd4 Bxd4 29. Bxf7+ Kh8 30. Be6 Rc5 31. Red2 Rcxf5 32. Bxf5 Rxf5 33. Qe2 Bxb2
34. g3 Qg5 35. Rd8+ Kh7 36. Qe4 Qg6 37. R1d5 Rg5 38. Qxg6+ Rxg6 39. R8d6 Rg4 40.
Rc6 Re4 41. a5 Bc3 42. a6 1-0

[Event "London Classic Open 2017"]
[Site "London ENG"]
[Date "2017.12.07"]
[Round "7.30"]
[White "Ronka, Erik"]
[Black "Sundararajan, Kidambi"]
[Result "1/2-1/2"]
[BlackTitle "GM"]
[WhiteElo "2260"]
[BlackElo "2419"]
[WhiteFideId "505080"]
[BlackFideId "5005370"]
[EventDate "2017.12.02"]

1. e4 c5 2. Nf3 Nc6 3. Bb5 e6 4. Bxc6 bxc6 5. b3 Ne7 6. O-O Ng6 7. e5 Be7 8. d3
f6 9. Bb2 O-O 10. Nbd2 fxe5 11. Nxe5 Nxe5 12. Bxe5 d6 13. Bb2 e5 14. Qe2 Rf4 15.
Rae1 Bg4 16. f3 Be6 17. Rf2 Qd7 18. Nc4 Raf8 19. Bc1 R4f7 20. Rff1 Bh4 21. Rd1
Rf6 22. Kh1 Rg6 23. Be3 Rf5 24. Nd2 Bg5 25. Bxg5 Rfxg5 26. Rf2 Rf5 27. Qe3 Rf4
28. Re1 Qd8 29. Ne4 Bd5 30. g3 Rf8 31. c4 Bxe4 32. fxe4 Rxf2 33. Qxf2 Rf6 34.
Qe2 Qa5 35. Kg2 Qc3 36. Rf1 Rxf1 37. Kxf1 g6 38. Kg2 Kg7 39. Kh3 Qc1 40. Kg2 h5
41. Kf2 Qh1 42. Ke3 Qg1+ 43. Qf2 Qc1+ 44. Qd2 Qg1+ 45. Qf2 Qa1 46. Qd2 Kf6 47.
h4 Ke6 48. Kf3 Qf1+ 49. Ke3 Qg1+ 50. Qf2 Qa1 51. Qd2 Qd4+ 52. Ke2 Qg1 53. Qe1 1/2-1/2

[Event "London Classic Open 2017"]
[Site "London ENG"]
[Date "2017.12.07"]
[Round "7.31"]
[White "Arjun, Kalyan"]
[Black "Globus, Or"]
[Result "0-1"]
[WhiteElo "2419"]
[BlackElo "2253"]
[WhiteFideId "35018701"]
[BlackFideId "2816776"]
[EventDate "2017.12.02"]

1. e4 c6 2. d4 d5 3. Nd2 dxe4 4. Nxe4 Bf5 5. Ng3 Bg6 6. h4 h6 7. Nf3 Nd7 8. h5
Bh7 9. Bd3 Bxd3 10. Qxd3 e6 11. Bd2 Ngf6 12. O-O-O Be7 13. Kb1 Qb6 14. Rhe1 O-O
15. Nf5 Bb4 16. Nxh6+ gxh6 17. c3 Ba3 18. Bc1 Kh8 19. Ka1 Bd6 20. Bxh6 Rg8 21.
Ng5 Rxg5 22. Bxg5 Qb5 23. Qd2 Rg8 24. Bh4 Qf5 25. f3 Bg3 26. Rh1 Kh7 27. Rh3
Bxh4 28. Rxh4 Rg3 29. c4 b5 30. Rc1 Nb6 31. cxb5 cxb5 32. Rc5 Nfd5 33. b3 Qf6
34. Rg4 Rxg4 35. fxg4 Qh4 36. Qe2 b4 37. Rc1 Nd7 38. Qd3+ Kg7 39. g3 Qxg4 40.
Rh1 N7f6 41. h6+ Kh8 42. Rf1 Qh5 43. Qf3 Qxf3 44. Rxf3 Kh7 45. Kb2 Kxh6 46. Kc2
Kg5 47. Kd3 Kg4 48. Rf1 a6 49. a3 bxa3 50. Ra1 Kxg3 51. Rxa3 Nc7 52. Ra1 Nfd5
53. Rg1+ Kf2 54. Rg7 f5 55. Rf7 Kf3 56. Rf8 Nf4+ 57. Kc4 Ke4 0-1

[Event "London Classic Open 2017"]
[Site "London ENG"]
[Date "2017.12.07"]
[Round "7.32"]
[White "Stanisz, Patryk"]
[Black "Hansen, Torbjorn Ringdal"]
[Result "0-1"]
[BlackTitle "GM"]
[WhiteElo "2150"]
[BlackElo "2408"]
[WhiteFideId "1123106"]
[BlackFideId "1501720"]
[EventDate "2017.12.02"]

1. d4 Nf6 2. c4 g6 3. Nc3 Bg7 4. e4 d6 5. Nf3 O-O 6. Be2 e5 7. O-O Nc6 8. d5 Ne7
9. Ne1 Nd7 10. Be3 f5 11. f3 f4 12. Bf2 g5 13. g4 h5 14. h3 Rf6 15. b4 Rh6 16.
Kg2 Ng6 17. Rh1 Nh4+ 18. Kf1 hxg4 19. hxg4 Nf6 20. c5 a5 21. cxd6 cxd6 22. Rb1
axb4 23. Rxb4 Ra3 24. Bb6 Qf8 25. Qc1 Ra8 26. Rb2 Nxf3 27. Rxh6 Bxh6 28. Bxf3
Nxg4 29. Nb5 Nf6 30. Rc2 Bh3+ 31. Bg2 Bxg2+ 32. Rxg2 Nxe4 33. Qc7 f3 34. Rh2 f2
35. Bxf2 Rxa2 36. Nd3 Nd2+ 37. Kg1 Ra1+ 38. Nc1 Nf3+ 39. Kg2 Nxh2 40. Nxd6 g4
41. Qf7+ Qxf7 42. Nxf7 Kxf7 43. Nb3 Ra2 0-1

[Event "London Classic Open 2017"]
[Site "London ENG"]
[Date "2017.12.07"]
[Round "7.33"]
[White "Houska, Jovanka"]
[Black "Richardson, John R"]
[Result "1-0"]
[WhiteTitle "IM"]
[BlackTitle "FM"]
[WhiteElo "2407"]
[BlackElo "2243"]
[WhiteFideId "405094"]
[BlackFideId "401617"]
[EventDate "2017.12.02"]

1. d4 Nf6 2. Nf3 e6 3. c4 b6 4. g3 Ba6 5. b3 Bb4+ 6. Bd2 Be7 7. Bg2 O-O 8. O-O
d5 9. cxd5 exd5 10. Nc3 Re8 11. Rc1 c5 12. Re1 Nbd7 13. Rc2 Bb7 14. Bc1 Ne4 15.
Bb2 Ndf6 16. e3 Nxc3 17. Bxc3 Ne4 18. Ba1 Bf6 19. dxc5 bxc5 20. Nd2 Bxa1 21.
Nxe4 dxe4 22. Qxa1 Qb6 23. Rec1 Rac8 24. Rc4 Bd5 25. R4c3 a5 26. Bf1 Bb7 27. Qb2
h5 28. h4 Re5 29. Rc4 Qd6 30. Bg2 g5 31. hxg5 Rxg5 32. Bxe4 Ba6 33. R4c2 h4 34.
Rd2 Qe6 35. Rcd1 Re8 36. Rd5 f5 37. Bg2 hxg3 38. Rd6 gxf2+ 39. Qxf2 Qc8 40. Qh4
Rg4 41. Qh6 Rg7 42. Rxa6 f4 43. Rg6 1-0

[Event "London Classic Open 2017"]
[Site "London ENG"]
[Date "2017.12.07"]
[Round "7.34"]
[White "Baenziger, Fabian"]
[Black "Kwon, Sehyun"]
[Result "1-0"]
[WhiteTitle "FM"]
[BlackTitle "CM"]
[WhiteElo "2400"]
[BlackElo "2117"]
[WhiteFideId "1330110"]
[BlackFideId "13203088"]
[EventDate "2017.12.02"]

1. Nf3 Nf6 2. g3 c5 3. Bg2 d5 4. O-O e6 5. d3 Nc6 6. Nbd2 Be7 7. e4 b6 8. Re1
Bb7 9. c3 Qc7 10. Qe2 h6 11. h4 a5 12. a4 Ba6 13. e5 Nd7 14. h5 O-O-O 15. Nb1
Rde8 16. Na3 f6 17. exf6 Bxf6 18. Nb5 Qb8 19. Bf4 e5 20. Bd2 Na7 21. Nh2 Nxb5
22. axb5 Bxb5 23. Bxd5 Qd6 24. Be4 Bc6 25. b4 Bd8 26. bxa5 bxa5 27. Reb1 Nf6 28.
Bf5+ Bd7 29. Bg6 Re7 30. Nf1 Bg4 31. f3 Bxh5 32. Bf5+ Nd7 33. Qe4 Qa6 34. Ne3
Rf8 35. Nd5 Ree8 36. Rb2 Rxf5 37. Qxf5 Bg6 38. Rb8+ Kxb8 39. Qxd7 Qxd3 40. Be3
Qa6 41. Bxc5 Ka8 42. Rb1 Rg8 43. Rb6 1-0

[Event "London Classic Open 2017"]
[Site "London ENG"]
[Date "2017.12.07"]
[Round "7.35"]
[White "Bates, Richard A"]
[Black "Kett, Tim"]
[Result "1/2-1/2"]
[WhiteTitle "IM"]
[WhiteElo "2378"]
[BlackElo "2204"]
[WhiteFideId "403555"]
[BlackFideId "1801210"]
[EventDate "2017.12.02"]

1. d4 Nf6 2. Nf3 c5 3. d5 d6 4. c4 g6 5. Nc3 Bg7 6. e4 O-O 7. h3 e6 8. Bd3 exd5
9. exd5 Re8+ 10. Be3 Na6 11. O-O Nc7 12. a4 b6 13. Qd2 a6 14. Rab1 b5 15. Bg5
bxc4 16. Bxc4 Bf5 17. Bd3 Qd7 18. Bxf5 Qxf5 19. Nh4 Qe5 20. Nf3 Qf5 21. Nh4 Qe5
22. Nf3 1/2-1/2